000 00333nam a2200133Ia 4500
008 191201s2010 xx 000 0 und d
082 _a429
_bWOR
100 _aWOOD,FT
245 0 _aRemedial english grammar for foreign students
250 _a24th Rep
260 _c2010
_bMacmillan
_aNEW DELHI
300 _a213
942 _2ddc
_cBK
_011
999 _c7761
_d7761